[Event "FRA T II 20102011"]
[Site "FRA"]
[Date "2010.10.17"]
[Round "1.6"]
[White "Tridon, Olivier"]
[Black "Thely, Ludovic"]
[Result "0-1"]
[WhiteElo "1550"]
[BlackElo "2154"]
[PlyCount "52"]
[EventDate "2010.11.13"]
[EventType "team-match"]
[EventRounds "9"]
[EventCountry "FRA"]
[Source "FFE"]
[SourceDate "2010.10.29"]
[BlackTeamCountry "FRA"]

1. c4 Nf6 2. Nf3 g6 3. Nc3 Bg7 4. g3 O-O 5. Bg2 d6 6. d3 e5 7. b4 e4 8. Nd4 c5
9. Nc2 cxb4 10. Nxb4 Ng4 11. d4 Qa5 12. Rb1 Nc6 13. Nxc6 bxc6 14. Bd2 Bxd4 15.
Nxe4 Qf5 16. f3 Ne5 17. Bh6 c5 18. Bxf8 Kxf8 19. Nxd6 Bc3+ 20. Kf1 Qe6 21. h3
Bd4 22. f4 Qxd6 23. fxe5 Qxe5 24. Bxa8 Qxg3 25. Qe1 Bxh3+ 26. Rxh3 Qg1# 0-1

[Event "FRA T II 20102011"]
[Site "FRA"]
[Date "2010.10.17"]
[Round "1.1"]
[White "Onkoud, Abdelaziz"]
[Black "Dourerassou, Jonathan"]
[Result "1-0"]
[WhiteElo "2369"]
[BlackElo "2435"]
[PlyCount "59"]
[EventDate "2010.11.13"]
[EventType "team-match"]
[EventRounds "9"]
[EventCountry "FRA"]
[Source "FFE"]
[SourceDate "2010.10.29"]
[BlackTeamCountry "FRA"]

1. c4 Nf6 2. Nc3 c5 3. Nf3 d5 4. cxd5 Nxd5 5. e3 Nc6 6. d4 cxd4 7. exd4 Bf5 8.
Bb5 e6 9. O-O Nxc3 10. bxc3 Bd6 11. Ne5 O-O 12. Bxc6 bxc6 13. Bf4 Qc7 14. Bg3
c5 15. Qf3 Rac8 16. Rfe1 cxd4 17. cxd4 Rfd8 18. d5 f6 19. Nc6 Re8 20. Nd4 Bxg3
21. hxg3 Qd7 22. Rad1 Bg6 23. dxe6 Qa4 24. Qb3 Rc4 25. Nb5 Bc2 26. Qxa4 Rxa4
27. Rd2 Bg6 28. Nc7 Rc8 29. e7 Be8 30. Rd8 1-0

[Event "FRA T II 20102011"]
[Site "FRA"]
[Date "2010.11.13"]
[Round "2.1"]
[White "Julve, Philippe"]
[Black "Bernard, Christophe"]
[Result "1/2-1/2"]
[WhiteElo "2241"]
[BlackElo "2349"]
[PlyCount "94"]
[EventDate "2010.11.13"]
[EventType "team-match"]
[EventRounds "9"]
[EventCountry "FRA"]
[Source "FFE"]
[SourceDate "2010.10.29"]
[BlackTeamCountry "FRA"]

1. d4 Nf6 2. c4 g6 3. Nc3 d5 4. cxd5 Nxd5 5. Nxd5 Qxd5 6. Nf3 Bg7 7. e3 O-O 8.
Qc2 Bf5 9. Qc4 Qxc4 10. Bxc4 c5 11. Bd5 Nc6 12. Bxc6 bxc6 13. dxc5 Bd3 14. Nd4
Rfc8 15. f4 f6 16. Ne6 Bh8 17. Bd2 Kf7 18. Nd4 e5 19. fxe5 fxe5 20. Ne2 Ke6 21.
Bc3 Rd8 22. Rd1 Bf6 23. Ba5 Rd7 24. Nc1 e4 25. Nxd3 exd3 26. b3 Rd5 27. Rc1 Rb8
28. Kd2 Bb2 29. Rb1 Rf8 30. Rxb2 Rf2+ 31. Kc1 Rxc5+ 32. Kb1 Rxb2+ 33. Kxb2 Rxa5
34. Rd1 Rh5 35. h3 Rg5 36. g4 h5 37. gxh5 Rxh5 38. Kc3 Rxh3 39. Kxd3 Rh2 40. a4
g5 41. Rc1 Kd6 42. Rg1 Rb2 43. Kc4 Rc2+ 44. Kd3 Rb2 45. Kc3 Re2 46. Rxg5 Rxe3+
47. Kb4 c5+ 1/2-1/2

[Event "FRA T II 20102011"]
[Site "FRA"]
[Date "2010.11.13"]
[Round "2.2"]
[White "Cathelineau, Didier"]
[Black "Bouhallel, Rabah"]
[Result "0-1"]
[WhiteElo "2194"]
[BlackElo "2292"]
[PlyCount "90"]
[EventDate "2010.11.13"]
[EventType "team-match"]
[EventRounds "9"]
[EventCountry "FRA"]
[Source "FFE"]
[SourceDate "2010.10.29"]
[BlackTeamCountry "FRA"]

1. d4 e6 2. c4 c5 3. d5 exd5 4. cxd5 d6 5. Nc3 Ne7 6. Nf3 Ng6 7. e4 Be7 8. Bb5+
Nd7 9. a4 O-O 10. O-O Bf6 11. Be3 a6 12. Be2 Re8 13. Nd2 Rb8 14. a5 Bd4 15. Nc4
Qf6 16. Qd2 h6 17. Rad1 Bxe3 18. fxe3 Qe7 19. Rf2 Nge5 20. Rdf1 Nxc4 21. Bxc4
Ne5 22. Be2 b6 23. axb6 Rxb6 24. Bh5 Rf8 25. Rf4 Bd7 26. h4 f6 27. Nd1 Rb4 28.
g3 g5 29. hxg5 hxg5 30. R4f2 Rxe4 31. Qc2 Rb4 32. Rh2 Bb5 33. Be2 Ba4 34. Qf5
Bd7 35. Qc2 a5 36. Bd3 Ba4 37. Bh7+ Kg7 38. Qe2 Ng4 39. Rh1 Bxd1 40. Rxd1 Qe5
41. Rh3 f5 42. Re1 Rh8 43. Qa6 Qxb2 44. Re2 Qb1+ 45. Kg2 Qe4+ 0-1

[Event "FRA T II 20102011"]
[Site "FRA"]
[Date "2010.11.13"]
[Round "2.3"]
[White "Roger, Mehdi"]
[Black "Ricroque, Jean Pierre"]
[Result "1-0"]
[WhiteElo "2189"]
[BlackElo "2066"]
[PlyCount "45"]
[EventDate "2010.11.13"]
[EventType "team-match"]
[EventRounds "9"]
[EventCountry "FRA"]
[Source "FFE"]
[SourceDate "2010.10.29"]
[BlackTeamCountry "FRA"]

1. e4 c5 2. Nf3 d6 3. d4 cxd4 4. Nxd4 Nf6 5. Nc3 a6 6. Bg5 e6 7. f4 h6 8. Bh4
Qb6 9. Qd2 Qxb2 10. Nb3 Nbd7 11. Bxf6 gxf6 12. Be2 Qa3 13. O-O h5 14. Kh1 Nc5
15. Bf3 Be7 16. Rad1 Nxb3 17. cxb3 Bd7 18. e5 d5 19. Bxd5 exd5 20. Nxd5 Rd8 21.
Nxf6+ Bxf6 22. exf6 O-O 23. f5 1-0

[Event "FRA T II 20102011"]
[Site "FRA"]
[Date "2010.11.13"]
[Round "2.5"]
[White "Levaux, Christian"]
[Black "Hameau, Cyril"]
[Result "1-0"]
[WhiteElo "2121"]
[BlackElo "1954"]
[PlyCount "95"]
[EventDate "2010.11.13"]
[EventType "team-match"]
[EventRounds "9"]
[EventCountry "FRA"]
[Source "FFE"]
[SourceDate "2010.10.29"]
[BlackTeamCountry "FRA"]

1. Nf3 Nf6 2. c4 g6 3. b4 Bg7 4. Bb2 O-O 5. g3 d6 6. Bg2 e5 7. d3 Re8 8. O-O c6
9. Nbd2 Nbd7 10. a4 Qe7 11. b5 d5 12. bxc6 bxc6 13. Ba3 Qe6 14. Rb1 h6 15. e3
Nh7 16. e4 d4 17. Re1 Bf8 18. Bxf8 Nhxf8 19. Nb3 g5 20. Nbxd4 exd4 21. Nxd4 Qf6
22. Nxc6 Qxc6 23. e5 Qc7 24. Bxa8 Rxe5 25. Qh5 Kg7 26. Bg2 Nf6 27. Qd1 Rxe1+
28. Qxe1 Qd7 29. Qc3 Qxa4 30. d4 Bf5 31. Ra1 Qd7 32. d5 Kg6 33. Ra6 Qe7 34. h3
N8d7 35. g4 Be4 36. Qe3 Kg7 37. f3 Qc5 38. Qxc5 Nxc5 39. Rc6 Bd3 40. Rxc5 Nd7
41. Rc7 Ne5 42. c5 a5 43. Ra7 Nc4 44. d6 Kf6 45. Bf1 Bxf1 46. Kxf1 Ke6 47. Ke2
Ne5 48. Re7+ 1-0

[Event "FRA T II 20102011"]
[Site "FRA"]
[Date "2010.11.13"]
[Round "2.6"]
[White "Ledoux, Alain"]
[Black "Lebret, Jean Michel"]
[Result "0-1"]
[WhiteElo "1969"]
[BlackElo "2116"]
[PlyCount "86"]
[EventDate "2010.11.13"]
[EventType "team-match"]
[EventRounds "9"]
[EventCountry "FRA"]
[Source "FFE"]
[SourceDate "2010.10.29"]
[BlackTeamCountry "FRA"]

1. e4 c5 2. Nf3 d6 3. Bc4 Nc6 4. c3 Nf6 5. d3 e6 6. Qe2 Be7 7. O-O O-O 8. Bb3
b6 9. Rd1 Bb7 10. Nbd2 Rc8 11. Nf1 Qc7 12. Ng3 Rfd8 13. Bg5 d5 14. e5 Nd7 15.
d4 Nf8 16. Rac1 Bxg5 17. Nxg5 cxd4 18. cxd4 Nxd4 19. Qd3 Nc6 20. f4 Qe7 21. a3
Nxe5 22. Qe2 Neg6 23. Nh5 Nxf4 24. Qg4 Nxh5 25. Qxh5 Rxc1 26. Rxc1 Ba6 27. Rc3
g6 28. Qh4 Rc8 29. Rxc8 Bxc8 30. h3 Ba6 31. Qf4 e5 32. Qd2 Bc4 33. Bd1 e4 34.
Qe3 Qc5 35. Qxc5 bxc5 36. h4 h6 37. Nh3 Ne6 38. Kf2 f5 39. g3 Kg7 40. Ba4 d4
41. Bd7 Kf6 42. b4 cxb4 43. axb4 g5 0-1

[Event "FRA T II 20102011"]
[Site "FRA"]
[Date "2010.11.13"]
[Round "2.7"]
[White "Ait Chaouche, Samy"]
[Black "Bochef, Bryann"]
[Result "1-0"]
[WhiteElo "2056"]
[BlackElo "1953"]
[PlyCount "42"]
[EventDate "2010.11.13"]
[EventType "team-match"]
[EventRounds "9"]
[EventCountry "FRA"]
[Source "FFE"]
[SourceDate "2010.10.29"]
[BlackTeamCountry "FRA"]

1. e4 c5 2. b4 b6 3. Nf3 Bb7 4. bxc5 Bxe4 5. Nc3 Nf6 6. Nxe4 Nxe4 7. Bc4 Nc6 8.
Qe2 Nxc5 9. d4 Nb7 10. Bf4 e6 11. d5 Bb4+ 12. Kf1 Nca5 13. dxe6 fxe6 14. Bxe6
Qe7 15. Bxd7+ Kxd7 16. Ne5+ Ke8 17. Qh5+ Kf8 18. Ng6+ hxg6 19. Qxh8+ Kf7 20.
Qxa8 Qf6 21. c3 Nc5 1-0

[Event "FRA T II 20102011"]
[Site "FRA"]
[Date "2010.11.13"]
[Round "2.8"]
[White "Tamburro, Clemence"]
[Black "Lebret, Loriane"]
[Result "1-0"]
[WhiteElo "1474"]
[BlackElo "1629"]
[PlyCount "81"]
[EventDate "2010.11.13"]
[EventType "team-match"]
[EventRounds "9"]
[EventCountry "FRA"]
[Source "FFE"]
[SourceDate "2010.10.29"]
[BlackTeamCountry "FRA"]

1. e4 e5 2. Nf3 Nf6 3. Nc3 Nc6 4. Bc4 Nxe4 5. Bxf7+ Kxf7 6. Nxe4 Be7 7. Nfg5+
Bxg5 8. Qh5+ g6 9. Nxg5+ Kg7 10. Qg4 Nd4 11. Kd1 d5 12. Qg3 Qf6 13. d3 Bd7 14.
f4 Rae8 15. Re1 Qc6 16. Qf2 Rhf8 17. Be3 Qf6 18. Qh4 h6 19. fxe5 Qf5 20. Bxd4
Qg4+ 21. Qxg4 Bxg4+ 22. Nf3 Rf4 23. Bc3 c5 24. Bd2 Bxf3+ 25. gxf3 Rxf3 26. b4
c4 27. dxc4 dxc4 28. Rb1 b5 29. Ra1 c3 30. Be3 g5 31. Bxa7 Rf5 32. a4 Rfxe5 33.
Rxe5 Rxe5 34. Bd4 Kf6 35. axb5 h5 36. b6 g4 37. b7 h4 38. b8=Q g3 39. Qxe5+ Kf7
40. Qf6+ Kg8 41. Qg7# 1-0

[Event "FRA T II 20102011"]
[Site "FRA"]
[Date "2010.11.13"]
[Round "2.3"]
[White "Landie, Thibault"]
[Black "Goulenok, Eric"]
[Result "1-0"]
[WhiteElo "2149"]
[BlackElo "2167"]
[PlyCount "97"]
[EventDate "2010.11.13"]
[EventType "team-match"]
[EventRounds "9"]
[EventCountry "FRA"]
[Source "FFE"]
[SourceDate "2010.10.29"]
[BlackTeamCountry "FRA"]

1. e4 g6 2. Nc3 Bg7 3. d3 c6 4. f4 d5 5. Nf3 Bxc3+ 6. bxc3 dxe4 7. dxe4 Qxd1+
8. Kxd1 Nf6 9. Bd3 Bg4 10. Ke2 Nbd7 11. h3 Bxf3+ 12. Kxf3 e5 13. g3 O-O-O 14.
Be3 exf4 15. gxf4 Kb8 16. c4 Ne8 17. h4 Ng7 18. Bd4 Rhg8 19. f5 Rde8 20. Bxg7
Rxg7 21. Rag1 f6 22. fxg6 hxg6 23. h5 g5 24. Kg3 Ne5 25. Rf1 Rf8 26. Be2 Kc7
27. c5 Nd7 28. Rf5 Kd8 29. Rd1 Kc7 30. Bg4 Re8 31. Bf3 Rh7 32. Rd4 Re5 33. Rxe5
Nxe5 34. Bg4 Rh8 35. Rd6 Rh6 36. Re6 Kd8 37. Rd6+ Ke7 38. Rd4 Rh8 39. Rb4 Rb8
40. Bf5 Nd7 41. Bxd7 Kxd7 42. Kg4 Ke6 43. h6 Ke5 44. h7 Rh8 45. Rxb7 Kxe4 46.
Re7+ Kd5 47. Kf5 Kxc5 48. Kxf6 Kd6 49. Rxa7 1-0

[Event "FRA T II 20102011"]
[Site "FRA"]
[Date "2010.11.13"]
[Round "2.4"]
[White "Thomas, Vincent"]
[Black "Gauthier, Arnaud"]
[Result "0-1"]
[WhiteElo "1972"]
[BlackElo "2037"]
[PlyCount "92"]
[EventDate "2010.11.13"]
[EventType "team-match"]
[EventRounds "9"]
[EventCountry "FRA"]
[Source "FFE"]
[SourceDate "2010.10.29"]
[BlackTeamCountry "FRA"]

1. c4 e5 2. g3 Nc6 3. Nc3 Bc5 4. Bg2 d6 5. e3 f5 6. Nge2 Nf6 7. O-O O-O 8. d4
Bb6 9. b4 Nxb4 10. c5 dxc5 11. Qb3+ Kh8 12. dxe5 Ng4 13. e6 Qe7 14. Nf4 c6 15.
a3 Na6 16. e4 Nc7 17. exf5 Nh6 18. g4 Nxg4 19. Be4 Qh4 20. h3 c4 21. Qxb6 axb6
22. hxg4 Qxg4+ 23. Ng2 Bxe6 24. fxe6 Nxe6 25. f3 Qg3 26. Be3 Ng5 27. Bxg5 Qxg5
28. Ra2 Qc5+ 29. Rff2 Rxa3 30. Rxa3 Qxa3 31. Nd1 Rd8 32. Nde3 Qc1+ 33. Kh2 Rd2
34. Rf1 Qc3 35. Ng4 h5 36. N4e3 Qxe3 37. Ra1 g5 38. Ra8+ Kg7 39. Rd8 Qf4+ 40.
Kh1 Rxd8 41. Nxf4 gxf4 42. Kg2 b5 43. Kh3 b4 44. Kh4 Kh6 45. Bf5 Rd2 46. Be6 c3
0-1

[Event "FRA T II 20102011"]
[Site "FRA"]
[Date "2010.11.13"]
[Round "2.5"]
[White "Loukili, Abdelillah"]
[Black "Forissier, Nicolas"]
[Result "0-1"]
[WhiteElo "2089"]
[BlackElo "1994"]
[PlyCount "30"]
[EventDate "2010.11.13"]
[EventType "team-match"]
[EventRounds "9"]
[EventCountry "FRA"]
[Source "FFE"]
[SourceDate "2010.10.29"]
[BlackTeamCountry "FRA"]

1. d4 Nf6 2. Nf3 g6 3. g3 Bg7 4. Bg2 O-O 5. c4 d6 6. O-O Nbd7 7. Nc3 e5 8. Qc2
Rb8 9. Re1 exd4 10. Nxd4 Ne5 11. e4 Qe7 12. Bg5 c6 13. Bf4 Neg4 14. Nxc6 bxc6
15. Bxd6 Qb7 {suite illisible} 0-1

[Event "FRA T II 20102011"]
[Site "FRA"]
[Date "2010.11.13"]
[Round "2.7"]
[White "Coudray, Frederic"]
[Black "Bouvier, Clement"]
[Result "1/2-1/2"]
[WhiteElo "2036"]
[BlackElo "1877"]
[PlyCount "118"]
[EventDate "2010.11.13"]
[EventType "team-match"]
[EventRounds "9"]
[EventCountry "FRA"]
[Source "FFE"]
[SourceDate "2010.10.29"]
[BlackTeamCountry "FRA"]

1. e4 c6 2. d4 d5 3. Nc3 dxe4 4. Nxe4 Bf5 5. Ng3 Bg6 6. Nf3 Nd7 7. h4 h6 8. h5
Bh7 9. Bd3 Bxd3 10. Qxd3 e6 11. O-O Ngf6 12. Re1 Qc7 13. Ne5 Bd6 14. Qe2 Rf8
15. Bd2 O-O-O 16. b4 Nxe5 17. dxe5 Bxe5 18. Qxe5 Qxe5 19. Rxe5 Rxd2 20. Rc5
Rfd8 21. f3 Rd1+ 22. Rxd1 Rxd1+ 23. Kf2 Rd5 24. Rxd5 Nxd5 25. a3 Nc3 26. Ke3
Nb5 27. Ne4 Kc7 28. a4 Nd6 29. Nc5 b6 30. Nd3 Nf5+ 31. Kf2 Kd6 32. g4 Nd4 33.
c3 Nc2 34. f4 Kd5 35. Ne5 f6 36. Nf7 Ke4 37. g5 fxg5 38. fxg5 hxg5 39. Nxg5+
Kf5 40. Nf7 Kg4 41. Ne5+ Kxh5 42. Nxc6 Na3 43. Nxa7 Nc4 44. Nc6 e5 45. a5 bxa5
46. bxa5 Kg5 47. a6 Kf4 48. Nb4 Nb6 49. a7 Na8 50. Ke2 g5 51. Nd5+ Ke4 52. Nf6+
Kf5 53. Nd7 Ke6 54. Nf8+ Kd5 55. Ke3 g4 56. Ng6 Kc4 57. Ke4 Kxc3 58. Kd5 e4 59.
Kxe4 Kc4 1/2-1/2

[Event "FRA T II 20102011"]
[Site "FRA"]
[Date "2010.11.13"]
[Round "2.8"]
[White "Julien, Emilie"]
[Black "Afraoui, Solenn"]
[Result "0-1"]
[WhiteElo "1420"]
[BlackElo "1842"]
[PlyCount "102"]
[EventDate "2010.11.13"]
[EventType "team-match"]
[EventRounds "9"]
[EventCountry "FRA"]
[Source "FFE"]
[SourceDate "2010.10.29"]
[BlackTeamCountry "FRA"]

1. e4 c5 2. Nc3 Nc6 3. Nf3 g6 4. Bb5 Bg7 5. Bxc6 bxc6 6. O-O Nf6 7. d3 O-O 8.
Be3 d6 9. Qc1 Re8 10. Nd1 Rb8 11. Rb1 Bg4 12. Nd2 Be6 13. b3 Qd7 14. f3 Qc7 15.
Nf2 Nd7 16. Ng4 h5 17. Nf2 d5 18. c3 d4 19. cxd4 cxd4 20. Bg5 Be5 21. Nh3 Bxh3
22. f4 Bxg2 23. Kxg2 Bg7 24. Nc4 Rbc8 25. Bh4 Nf6 26. Bg3 Qb7 27. Ne5 Nd7 28.
Qc4 Nxe5 29. fxe5 e6 30. Qxd4 Red8 31. Qc4 c5 32. Rf3 Qc7 33. Rbf1 Rf8 34. Qc3
g5 35. h4 gxh4 36. Bxh4 Bxe5 37. Qd2 Kh7 38. Rh1 Rg8+ 39. Kf1 Rg6 40. Be1 Rh6
41. Qf2 Kg7 42. Bd2 Rh7 43. Bf4 Bxf4 44. Rxf4 Rch8 45. Rhh4 Kf8 46. Qc2 Qe5 47.
Ke2 Rg8 48. Qc4 Qb2+ 49. Kf3 Qg2+ 50. Ke3 Rg3+ 51. Rf3 Rxf3# 0-1

[Event "FRA T II 20102011"]
[Site "FRA"]
[Date "2010.11.13"]
[Round "2.1"]
[White "Depoorter, Enguerran"]
[Black "Barthes, Christian"]
[Result "1/2-1/2"]
[WhiteElo "2152"]
[BlackElo "2127"]
[PlyCount "73"]
[EventDate "2010.11.13"]
[EventType "team-match"]
[EventRounds "9"]
[EventCountry "FRA"]
[Source "FFE"]
[SourceDate "2010.10.29"]
[BlackTeamCountry "FRA"]

1. e4 e6 2. Nf3 d5 3. e5 c5 4. b4 d4 5. bxc5 Bxc5 6. Bd3 Nd7 7. c3 dxc3 8. dxc3
Ne7 9. O-O Ng6 10. Qe2 O-O 11. Na3 a6 12. Qe4 Rb8 13. Nc4 b5 14. Nd6 Bxd6 15.
exd6 Nc5 16. Qd4 Nxd3 17. Qxd3 Bb7 18. Rd1 Bd5 19. Ba3 Qf6 20. Bb4 Nf4 21. Qe3
Bxf3 22. Qxf3 Nd5 23. Qxf6 gxf6 24. Ba5 Rb7 25. a4 Rd7 26. axb5 axb5 27. Rab1
Rc8 28. Rxb5 Nxc3 29. Bxc3 Rxc3 30. Rb6 f5 31. Kf1 Kg7 32. Ke2 Kf6 33. f4 Rc4
34. Kf3 Rc3+ 35. Kf2 Rc2+ 36. Kf3 Rc3+ 37. Kf2 1/2-1/2

[Event "FRA T II 20102011"]
[Site "FRA"]
[Date "2010.11.13"]
[Round "2.2"]
[White "Appendino, Jerome"]
[Black "Bertrand, Xavier"]
[Result "0-1"]
[WhiteElo "2199"]
[BlackElo "2119"]
[PlyCount "72"]
[EventDate "2010.11.13"]
[EventType "team-match"]
[EventRounds "9"]
[EventCountry "FRA"]
[Source "FFE"]
[SourceDate "2010.10.29"]
[BlackTeamCountry "FRA"]

1. e4 e6 2. d4 d5 3. Nc3 Nc6 4. Nf3 Nf6 5. Bg5 Be7 6. e5 Ne4 7. Bd2 f6 8. Bd3
Nxd2 9. Qxd2 O-O 10. Ne2 Nb4 11. Bb5 a6 12. Ba4 Bd7 13. Bxd7 Qxd7 14. c3 Nc6
15. O-O Qe8 16. Rae1 fxe5 17. Nxe5 Nxe5 18. dxe5 c5 19. f4 Qc6 20. Rf3 Rad8 21.
Rh3 Rf7 22. Rf1 Rdf8 23. Rff3 Bd8 24. Kh1 b5 25. b3 Ba5 26. Qc2 g6 27. Rfg3 Qc7
28. Rg4 Bb6 29. Rf3 c4 30. b4 Rd8 31. f5 exf5 32. e6 Rf6 33. Rxf5 Rdf8 34. Ng3
Qe5 35. Rxf6 Qe1+ 36. Nf1 Qxf1+ 0-1

[Event "FRA T II 20102011"]
[Site "FRA"]
[Date "2010.11.13"]
[Round "2.4"]
[White "Abouan, Stephane"]
[Black "Dessenne, Francois"]
[Result "1-0"]
[WhiteElo "2027"]
[BlackElo "2071"]
[PlyCount "63"]
[EventDate "2010.11.13"]
[EventType "team-match"]
[EventRounds "9"]
[EventCountry "FRA"]
[Source "FFE"]
[SourceDate "2010.10.29"]
[BlackTeamCountry "FRA"]

1. e4 c5 2. Nc3 a6 3. g3 b5 4. Bg2 b4 5. Nce2 Bb7 6. d3 g6 7. Nf3 Bg7 8. O-O d6
9. c3 a5 10. Be3 Nf6 11. h3 O-O 12. Qd2 c4 13. dxc4 Nxe4 14. Qd3 bxc3 15. bxc3
Nd7 16. Rab1 Ndc5 17. Qc2 Qd7 18. Nfd4 a4 19. Rfd1 Rab8 20. Rb4 f5 21. Nb5 Rfc8
22. Na7 Nxc3 23. Nxc8 Nxd1 24. Qxd1 Rxc8 25. Bxb7 Nxb7 26. Qd5+ e6 27. Qxb7
Qxb7 28. Rxb7 Rxc4 29. Ra7 d5 30. Nf4 Re4 31. Bc5 Bh6 32. Bd6 1-0

[Event "FRA T II 20102011"]
[Site "FRA"]
[Date "2010.11.13"]
[Round "2.5"]
[White "Boudrenghien, Francois"]
[Black "Jactel, Nicolas"]
[Result "0-1"]
[WhiteElo "2065"]
[BlackElo "2066"]
[PlyCount "94"]
[EventDate "2010.11.13"]
[EventType "team-match"]
[EventRounds "9"]
[EventCountry "FRA"]
[Source "FFE"]
[SourceDate "2010.10.29"]
[BlackTeamCountry "FRA"]

1. d4 Nf6 2. c4 g6 3. Nc3 d5 4. cxd5 Nxd5 5. Na4 e5 6. dxe5 Bb4+ 7. Bd2 Ne3 8.
fxe3 Bxd2+ 9. Qxd2 Qh4+ 10. g3 Qxa4 11. Qd4 Qb5 12. e6 O-O 13. exf7+ Rxf7 14.
Nf3 Nc6 15. Qc3 Bf5 16. Bg2 Be4 17. a4 Qb4 18. O-O Qxc3 19. bxc3 Re8 20. Nd4
Bxg2 21. Kxg2 Nxd4 22. cxd4 Rxe3 23. Rxf7 Kxf7 24. Kf2 Rc3 25. e3 Ke6 26. Kf3
Kd5 27. Rb1 b6 28. a5 Kc4 29. axb6 axb6 30. Ke4 b5 31. Kf4 b4 32. e4 b3 33. e5
Kd5 34. Kg5 Kxd4 35. e6 Re3 36. Kf6 c5 37. e7 c4 38. Kf7 Kc3 39. e8=Q Rxe8 40.
Kxe8 Kc2 41. Rf1 b2 42. Kf7 b1=Q 43. Rxb1 Kxb1 44. Kg7 c3 45. Kxh7 c2 46. Kxg6
c1=Q 47. h4 Qg1 0-1

[Event "FRA T II 20102011"]
[Site "FRA"]
[Date "2010.11.13"]
[Round "2.6"]
[White "Roffe, Benoit"]
[Black "Warkentin, Jurgen"]
[Result "1-0"]
[WhiteElo "1924"]
[BlackElo "1933"]
[PlyCount "59"]
[EventDate "2010.11.13"]
[EventType "team-match"]
[EventRounds "9"]
[EventCountry "FRA"]
[Source "FFE"]
[SourceDate "2010.10.29"]
[BlackTeamCountry "FRA"]

1. e4 g6 2. d4 Bg7 3. Nc3 d6 4. f4 Nd7 5. Nf3 c5 6. Be3 cxd4 7. Bxd4 Ngf6 8. e5
dxe5 9. fxe5 Ng4 10. e6 Ndf6 11. Bb5+ Kf8 12. O-O Bxe6 13. Ng5 Qd6 14. Nxe6+
fxe6 15. Qxg4 Kg8 16. Qf4 Qb4 17. Qe5 h6 18. Qxe6+ Kh7 19. Bxf6 exf6 20. Bd3
Qc5+ 21. Kh1 Rhe8 22. Qf7 f5 23. Rae1 Rf8 24. Qe7 Qb6 25. Nb5 Qc6 26. Nc7 Rac8
27. Ne6 Rg8 28. Nxg7 Rxg7 29. Qe6 Qa4 30. Qxc8 1-0

[Event "FRA T II 20102011"]
[Site "FRA"]
[Date "2010.11.13"]
[Round "2.7"]
[White "Guidez, Thomas"]
[Black "Lievre, Vincent"]
[Result "1/2-1/2"]
[WhiteElo "1962"]
[BlackElo "1996"]
[PlyCount "92"]
[EventDate "2010.11.13"]
[EventType "team-match"]
[EventRounds "9"]
[EventCountry "FRA"]
[Source "FFE"]
[SourceDate "2010.10.29"]
[BlackTeamCountry "FRA"]

1. d4 d5 2. Nf3 Nf6 3. Bg5 c5 4. e3 Nc6 5. c3 Bf5 6. Nbd2 e6 7. Ne5 Qc7 8. Bb5
Bd6 9. f4 Ne4 10. Bh4 a6 11. Be2 Be7 12. Bxe7 Qxe7 13. O-O Nxe5 14. dxe5 Nxd2
15. Qxd2 O-O 16. Bf3 c4 17. Qd4 Bd3 18. Rf2 Rfd8 19. Be2 Bxe2 20. Rxe2 Rac8 21.
Rd1 h6 22. Red2 f5 23. exf6 Qxf6 24. g3 Qxd4 25. Rxd4 Kf7 26. e4 Rc5 27. Kf2
Kf6 28. Ke3 g6 29. R1d2 b5 30. a3 Rd7 31. Rd1 Rd8 32. R1d2 Rd7 33. Re2 Re7 34.
Kf3 Rd7 35. Red2 Rd8 36. Rd1 Rd7 37. Ke3 Rd8 38. R4d2 Rd7 39. h3 Rd8 40. Rd4
Rd7 41. Kf3 Rd8 42. R4d2 Rd7 43. Re2 Rc8 44. exd5 exd5 45. Re5 Rcd8 46. g4 Rd6
1/2-1/2

[Event "FRA T II 20102011"]
[Site "FRA"]
[Date "2010.11.13"]
[Round "2.8"]
[White "Perrusset, Barbara"]
[Black "Warkentin, Sabine"]
[Result "1-0"]
[WhiteElo "1862"]
[BlackElo "1731"]
[PlyCount "43"]
[EventDate "2010.11.13"]
[EventType "team-match"]
[EventRounds "9"]
[EventCountry "FRA"]
[Source "FFE"]
[SourceDate "2010.10.29"]
[BlackTeamCountry "FRA"]

1. e4 c6 2. d4 d5 3. exd5 cxd5 4. Bd3 Nf6 5. Ne2 e6 6. O-O Be7 7. Bf4 O-O 8. c3
b6 9. Qa4 Bd7 10. Qc2 Bc6 11. Nd2 Nbd7 12. Nf3 h6 13. Ng3 a6 14. Qe2 b5 15. Ne5
Bb7 16. Nh5 Rc8 17. Nxd7 Qxd7 18. Nxf6+ Bxf6 19. Qg4 Kh8 20. Qh3 Rfe8 21. Bxh6
g6 22. Bg5+ 1-0

[Event "FRA T II 20102011"]
[Site "FRA"]
[Date "2010.11.13"]
[Round "2.1"]
[White "Ringoir, Tanguy"]
[Black "Benoit, Michel"]
[Result "1-0"]
[WhiteElo "2379"]
[BlackElo "2216"]
[PlyCount "65"]
[EventDate "2010.11.13"]
[EventType "team-match"]
[EventRounds "9"]
[EventCountry "FRA"]
[Source "FFE"]
[SourceDate "2010.10.29"]
[BlackTeamCountry "FRA"]

1. e4 c5 2. c3 b6 3. d4 Bb7 4. Bd3 g6 5. Nf3 Bg7 6. O-O Nf6 7. e5 Nd5 8. dxc5
bxc5 9. Be4 Ne3 10. Qd3 Bxe4 11. Qxe4 Nxf1 12. Qxa8 Qb6 13. Kxf1 Qa6+ 14. Kg1
O-O 15. Qe4 Nc6 16. Na3 d5 17. exd6 exd6 18. Bf4 Na5 19. Rd1 Rd8 20. h4 h6 21.
Qa4 Qb6 22. Qb5 Qc7 23. Rxd6 Rxd6 24. Bxd6 Qxd6 25. Qxa5 Qd1+ 26. Kh2 Bf8 27.
Nc4 Qe2 28. b3 Qxf2 29. Qxa7 Bg7 30. b4 Bxc3 31. Qxc5 Qxa2 32. Nce5 Bxe5+ 33.
Qxe5 1-0

[Event "FRA T II 20102011"]
[Site "FRA"]
[Date "2010.11.13"]
[Round "2.2"]
[White "Toulzac, Pierre Yves"]
[Black "Eliet, Nicolas"]
[Result "1-0"]
[WhiteElo "2248"]
[BlackElo "2407"]
[PlyCount "69"]
[EventDate "2010.11.13"]
[EventType "team-match"]
[EventRounds "9"]
[EventCountry "FRA"]
[Source "FFE"]
[SourceDate "2010.10.29"]
[BlackTeamCountry "FRA"]

1. d4 d5 2. c4 e6 3. Nc3 c5 4. cxd5 exd5 5. Nf3 Nc6 6. g3 Nf6 7. Bg2 Be7 8. O-O
O-O 9. dxc5 Bxc5 10. Bg5 d4 11. Ne4 Be7 12. Bxf6 Bxf6 13. Ne1 Be7 14. Rc1 Qa5
15. Nd3 Qxa2 16. Nec5 Bxc5 17. Nxc5 Qxb2 18. Nxb7 Bxb7 19. Rb1 Qc3 20. Rxb7 a5
21. Qb1 Nb4 22. Rc1 Qd2 23. Rcc7 Qxe2 24. Qf5 Qa2 25. Be4 g6 26. Qg4 d3 27.
Bxg6 hxg6 28. Qxg6+ Kh8 29. Qh6+ Kg8 30. Qg6+ Kh8 31. Rxf7 Rxf7 32. Rxf7 Qxf7
33. Qxf7 a4 34. Qh5+ Kg8 35. Qg4+ 1-0

[Event "FRA T II 20102011"]
[Site "FRA"]
[Date "2010.11.13"]
[Round "2.3"]
[White "Cappon, John"]
[Black "Rene, Benoit"]
[Result "1/2-1/2"]
[WhiteElo "2242"]
[BlackElo "2292"]
[PlyCount "29"]
[EventDate "2010.11.13"]
[EventType "team-match"]
[EventRounds "9"]
[EventCountry "FRA"]
[Source "FFE"]
[SourceDate "2010.10.29"]
[BlackTeamCountry "FRA"]

1. e4 c5 2. Nf3 d6 3. Bb5+ Nc6 4. O-O Bd7 5. c3 a6 6. Bxc6 Bxc6 7. Re1 Nf6 8.
d4 cxd4 9. cxd4 Bxe4 10. Nc3 Bxf3 11. Qxf3 e6 12. Qxb7 Qc8 13. Qf3 Be7 14. Bg5
O-O 15. Ne4 1/2-1/2